<?xml version="1.0" encoding="UTF-8"?>
<record
    xmlns:xsi="http://www.w3.org/2001/XMLSchema-instance"
    xsi:schemaLocation="http://www.loc.gov/MARC21/slim http://www.loc.gov/standards/marcxml/schema/MARC21slim.xsd"
    xmlns="http://www.loc.gov/MARC21/slim">

  <leader>02896cam a22003015a 4500</leader>
  <controlfield tag="001">15942646</controlfield>
  <controlfield tag="005">20151020152306.0</controlfield>
  <controlfield tag="008">091013t2010    moua   frbd   001 0 eng d</controlfield>
  <datafield tag="020" ind1=" " ind2=" ">
    <subfield code="a">9780323056403 (pbk.)</subfield>
  </datafield>
  <datafield tag="020" ind1=" " ind2=" ">
    <subfield code="a">0323056407 (pbk.)</subfield>
  </datafield>
  <datafield tag="040" ind1=" " ind2=" ">
    <subfield code="a">NLM</subfield>
    <subfield code="c">NLM</subfield>
    <subfield code="d">UKM</subfield>
    <subfield code="d">YDXCP</subfield>
    <subfield code="d">XBE</subfield>
    <subfield code="d">COU</subfield>
    <subfield code="d">BTCTA</subfield>
    <subfield code="d">CDX</subfield>
    <subfield code="d">DLC</subfield>
    <subfield code="d">EG-ScBUE</subfield>
    <subfield code="b">eng</subfield>
  </datafield>
  <datafield tag="082" ind1="0" ind2="4">
    <subfield code="a">610.7301</subfield>
    <subfield code="2">22</subfield>
    <subfield code="b">NUR</subfield>
  </datafield>
  <datafield tag="245" ind1="0" ind2="0">
    <subfield code="a">Nursing theory :</subfield>
    <subfield code="b">utilization &amp; application /</subfield>
    <subfield code="c">[edited by] Martha Raile Alligood.</subfield>
  </datafield>
  <datafield tag="246" ind1="3" ind2=" ">
    <subfield code="a">Nursing theory :</subfield>
    <subfield code="b">utilization and application</subfield>
  </datafield>
  <datafield tag="250" ind1=" " ind2=" ">
    <subfield code="a">4th ed.</subfield>
  </datafield>
  <datafield tag="260" ind1=" " ind2=" ">
    <subfield code="a">Missouri :</subfield>
    <subfield code="b">Mosby / Elsevier,</subfield>
    <subfield code="c">c.2010.</subfield>
  </datafield>
  <datafield tag="300" ind1=" " ind2=" ">
    <subfield code="a">xiv, 545 p. :</subfield>
    <subfield code="b">ill. ;</subfield>
    <subfield code="c">23 cm.</subfield>
  </datafield>
  <datafield tag="500" ind1=" " ind2=" ">
    <subfield code="a">Previous ed.: St. Louis, Mo.: Mosby Elsevier, 2006.</subfield>
  </datafield>
  <datafield tag="500" ind1=" " ind2=" ">
    <subfield code="a">Index : p. 523-545.</subfield>
  </datafield>
  <datafield tag="500" ind1=" " ind2=" ">
    <subfield code="a">Glossary : p. 517-521.</subfield>
  </datafield>
  <datafield tag="504" ind1=" " ind2=" ">
    <subfield code="a">Includes bibliographical references.</subfield>
  </datafield>
  <datafield tag="505" ind1="0" ind2=" ">
    <subfield code="a">Part 1 : Conceptualization. The nature of knowledge needed for nursing practice / Martha Raile Alligood. Nursing models: normal science for nursing practice  / Angela F. Wood. Philosophies, models, and theories: critical thinking structures  / Martha Raile Alligood. Philosophies, models, and theories: moral obligations / Pamela J. Grace -- Part 2: Application. Section 1 : Nursing philosophies. Nightingale's philosophy in nursing practice / Kim Bolton. Watson's philosophy in nursing practice / D. Elizabeth Jesse. Benner's philosophy in nursing practice / Karen A. Brykcynski  -- Section 2 : Nursing models. Johnson's behavioral system model in nursing practice / Bonnie Holaday. King's conceptual system and theory of goal attainment in nursing practice / Maureen A. Frey. Levine's conservation model in nursing practice / Karen Moore Schaefer. Neuman's systems model in nursing practice / Karhleen M. Geib. Orem's self-care deficit nursing theory in practice / Violeta Ann Berbiglia. Rogers' science of unitary human beings in nursing practice / Mary Gunther. Roy's adaptation model in nursing practice / Kenneth D. Phillips  -- Section 3 : Nursing theories. Orlando's nursing process theory in nursing practice / Barbara A. May. Modeling and role-modeling theory in nursing practice / Margaret E. Erickson. Mercer's becoming a mother theory in nursing practice / Molly Meighan. Leininger's theory of culture care diversity and universality in nursing practice / Marjorie G. Morgan. Parse's theory of humanbecoming in nursing practice / Gail J. Mitchell. Newman's theory of health as expanding consciousness in nursing practice / Janet Witucki Brown -- Part 3 : Expansion. Areas for further development of theory-based nursing practice / Martha Raile Alligood. Nursing philosophies, models, and theories: a focus on the future / Jacqueline Fawcett .</subfield>
  </datafield>
  <datafield tag="650" ind1=" " ind2="0">
    <subfield code="a">Nursing</subfield>
    <subfield code="x">Philosophy</subfield>
    <subfield code="2">BUEsh</subfield>
    <subfield code="9">36267</subfield>
  </datafield>
  <datafield tag="650" ind1=" " ind2="0">
    <subfield code="a">Nursing models</subfield>
    <subfield code="2">BUEsh</subfield>
  </datafield>
  <datafield tag="653" ind1=" " ind2=" ">
    <subfield code="b">NNUR</subfield>
    <subfield code="c">June2015</subfield>
    <subfield code="c">October2015</subfield>
  </datafield>
  <datafield tag="700" ind1="1" ind2=" ">
    <subfield code="a">Alligood, Martha Raile,</subfield>
    <subfield code="e">editor.</subfield>
  </datafield>
  <datafield tag="942" ind1=" " ind2=" ">
    <subfield code="2">ddc</subfield>
  </datafield>
  <datafield tag="999" ind1=" " ind2=" ">
    <subfield code="c">19706</subfield>
    <subfield code="d">19678</subfield>
  </datafield>
  <datafield tag="952" ind1=" " ind2=" ">
    <subfield code="0">0</subfield>
    <subfield code="1">0</subfield>
    <subfield code="2">ddc</subfield>
    <subfield code="4">0</subfield>
    <subfield code="7">0</subfield>
    <subfield code="8">Alahram</subfield>
    <subfield code="a">MAIN</subfield>
    <subfield code="b">MAIN</subfield>
    <subfield code="c">1ST</subfield>
    <subfield code="d">2015-06-17</subfield>
    <subfield code="e">Purchase</subfield>
    <subfield code="g">334.00</subfield>
    <subfield code="h">324</subfield>
    <subfield code="l">5</subfield>
    <subfield code="m">1</subfield>
    <subfield code="o">610.7301 NUR</subfield>
    <subfield code="p">000038644</subfield>
    <subfield code="r">2025-09-07 00:00:00</subfield>
    <subfield code="s">2025-02-16</subfield>
    <subfield code="v">417.50</subfield>
    <subfield code="y">BB</subfield>
  </datafield>
</record>
